Seinfeld by episode: The Nap Quiz Stats

 Plays Quiz not verified by Sporcle

Challenge
Share
Tweet
Embed
Score 0/16 Timer 04:00
0 Plays Today
Question Answer % Correct
What George asks Jerry to do to get Steinbrenner out of his officeCall in bomb threat
90.5%
What Elaine's boyfriend has custom made for her from the ergonomics storemattress
81.2%
Where Kramer starts swimming after his pool problemsEast River
81.2%
Jerry's first 'terrorist' demandfitted hat day
78.4%
What Kramer's bed was filled with that sprung a leaksand
67.5%
Name of ergonomic furniture store where Elaine's boyfriend shopsLumbar Yard
63.1%
Jerry's second 'terrorist' demandCall ticket holders if rainout
58.1%
Jerry's hat size7 5/8
55.8%
Question Answer % Correct
What Elaine says she was doing to make her bed smellyClamming
47.7%
Magazine George Steinbrenner reads while waiting for George in his officePeople
45.9%
Name of Elaine's boyfriend in the episodeHal Kitzmiller
39.7%
Name of handyman doing Jerry's kitchen cabinetsConrad
36.6%
What Steinbrenner does to prepare for impending terrorist threatClose all stadium windows
21.2%
Amount it cost Jerry for the kitchen job$4,000
18.3%
Trilogy of movies George stayed up til 4 AM watchingThe Omen
16.1%
Product Jerry notices that he accidentally bought in 'low fat' while not noticing George sleepingPop Tarts
11.5%

You're not logged in!

Compare scores with friends on all Sporcle quizzes.
Join for Free
OR
Log In

You Might Also Like...

Show Comments

Extras

Created Mar 30, 2010ReportNominate
Tags:Seinfeld Quiz, episode

Top Quizzes Today


Score Distribution

Your Account Isn't Verified!

In order to create a playlist on Sporcle, you need to verify the email address you used during registration. Go to your Sporcle Settings to finish the process.

Report this User

Report this user for behavior that violates our Community Guidelines.

Details: